[Event "IECG CA.2004.0.00117 email"]
[Site "IECG email"]
[Date "2004.02.15"]
[Round "?"]
[White "Kleinsorgen, Horst"]
[Black "Naumovic, Jovan"]
[Result "1-0"]
[WhiteElo "2084"]
[BlackElo "2034"]
[PlyCount "21"]
[EventDate "2004.02.15"]
[EventType "tourn (corr)"]
[EventRounds "6"]
[SourceTitle "Corr 2024"]
[Source "ChessBase"]
[SourceDate "2023.10.19"]
[SourceVersion "1"]
[SourceVersionDate "2023.10.19"]
[SourceQuality "1"]

1. e4 e6 2. d4 d5 3. Nd2 dxe4 4. Nxe4 Nf6 5. Nxf6+ Qxf6 6. Nf3 h6 7. Ne5 Nd7 8. f4 Bd6 9. Be3 g5 10. Bb5 c6 11. 0-0 1-0

[Event "IECG WC.2004.P.00014 email"]
[Site "IECG email"]
[Date "2001.01.22"]
[Round "?"]
[White "Bengtsson, Ulf"]
[Black "Naumovic, Jovan"]
[Result "1-0"]
[WhiteElo "1851"]
[BlackElo "2165"]
[PlyCount "35"]
[EventDate "2001.01.22"]
[EventType "tourn (corr)"]
[EventRounds "8"]
[SourceTitle "Corr 2008"]
[Source "ChessBase"]
[SourceDate "2008.06.24"]
[SourceVersion "1"]
[SourceVersionDate "2008.06.24"]
[SourceQuality "1"]

1. e4 e6 2. d4 d5 3. exd5 exd5 4. Bd3 Nf6 5. Bg5 Be7 6. Nf3 0-0 7. 0-0 Nc6 8. c3 h6 9. Bh4 Nh5 10. Bxe7 Qxe7 11. Re1 Qd8 12. c4 Bg4 13. cxd5 Qxd5 14. Nc3 Qd6 15. Nb5 Qf4 16. Be4 Rfe8 17. g3 Qf6 18. Kg2 1-0

[Event "IECG WC.2004.P.00014 email"]
[Site "IECG email"]
[Date "2001.01.22"]
[Round "?"]
[White "Naumovic, Jovan"]
[Black "Grazinys, Vidmantas"]
[Result "0-1"]
[WhiteElo "2165"]
[BlackElo "2092"]
[PlyCount "28"]
[EventDate "2001.01.22"]
[EventType "tourn (corr)"]
[EventRounds "8"]
[SourceTitle "Corr 2008"]
[Source "ChessBase"]
[SourceDate "2008.06.24"]
[SourceVersion "1"]
[SourceVersionDate "2008.06.24"]
[SourceQuality "1"]

1. e4 e5 2. Nf3 Nc6 3. Bc4 Bc5 4. b4 Bxb4 5. c3 Ba5 6. d4 exd4 7. 0-0 Bb6 8. cxd4 d6 9. h3 h6 10. Ba3 Qf6 11. e5 dxe5 12. Nxe5 Nxe5 13. dxe5 Qg6 14. Qf3 Ne7 0-1

[Event "IECG WC.2004.P.00014 email"]
[Site "IECG email"]
[Date "2001.01.22"]
[Round "?"]
[White "Naumovic, Jovan"]
[Black "Stillerud, Lennart"]
[Result "0-1"]
[WhiteElo "2165"]
[BlackElo "1984"]
[PlyCount "44"]
[EventDate "2001.01.22"]
[EventType "tourn (corr)"]
[EventRounds "8"]
[SourceTitle "Corr 2008"]
[Source "ChessBase"]
[SourceDate "2008.06.24"]
[SourceVersion "1"]
[SourceVersionDate "2008.06.24"]
[SourceQuality "1"]

1. e4 c5 2. Nf3 e6 3. d4 cxd4 4. Nxd4 Qb6 5. Nb3 Qc7 6. Nc3 a6 7. Bd3 b5 8. 0-0 Bb7 9. f4 b4 10. Ne2 Nf6 11. Ng3 Be7 12. Kh1 h5 13. Qf3 h4 14. Ne2 h3 15. Ned4 hxg2+ 16. Qxg2 g6 17. Be3 Nc6 18. Nxc6 Bxc6 19. Nd4 Bb7 20. c3 bxc3 21. Rac1 Qc5 22. Rxc3 Qh5 0-1

[Event "IECG TE.2000.P.00502 email"]
[Site "IECG email"]
[Date "2000.11.08"]
[Round "?"]
[White "Naumovic, Jovan"]
[Black "Guy, Steven"]
[Result "1-0"]
[WhiteElo "2166"]
[BlackElo "1616"]
[PlyCount "53"]
[EventDate "2000.11.08"]
[EventType "tourn (corr)"]
[EventRounds "12"]
[SourceTitle "Corr 2008"]
[Source "ChessBase"]
[SourceDate "2008.06.24"]
[SourceVersion "1"]
[SourceVersionDate "2008.06.24"]
[SourceQuality "1"]

1. d4 f5 2. g3 Nf6 3. Bg2 e6 4. Nf3 Be7 5. 0-0 0-0 6. c4 d5 7. Nbd2 c6 8. Qc2 Qe8 9. Ne5 Nbd7 10. Ndf3 Nxe5 11. Nxe5 Qh5 12. b3 Ng4 13. Nxg4 fxg4 14. e4 a5 15. Bf4 dxe4 16. Bxe4 c5 17. dxc5 Bxc5 18. Rad1 Ra6 19. Rfe1 g5 20. Be3 Bb4 21. Re2 Rd6 22. Rxd6 Bxd6 23. Bb6 Bb4 24. Qb2 Qf7 25. a3 Be7 26. Bxa5 h6 27. Bc3 1-0

[Event "IECG TE.2000.P.00502 email"]
[Site "IECG email"]
[Date "2000.11.08"]
[Round "?"]
[White "Naumovic, Jovan"]
[Black "Lyew, Merrill"]
[Result "1-0"]
[WhiteElo "2166"]
[BlackElo "1526"]
[PlyCount "58"]
[EventDate "2000.11.08"]
[EventType "tourn (corr)"]
[EventRounds "12"]
[SourceTitle "Corr 2008"]
[Source "ChessBase"]
[SourceDate "2008.06.24"]
[SourceVersion "1"]
[SourceVersionDate "2008.06.24"]
[SourceQuality "1"]

1. d4 f5 2. g3 Nf6 3. Bg2 e6 4. Nf3 Be7 5. 0-0 0-0 6. c4 d5 7. Nbd2 c6 8. Qc2 Qe8 9. c5 b6 10. b4 Qh5 11. a4 Ba6 12. Re1 bxc5 13. dxc5 Ne4 14. Bb2 Bb7 15. Nxe4 fxe4 16. Nd4 e5 17. Nb3 Nd7 18. Na5 Rab8 19. Nxb7 Rxb7 20. Ba3 Nf6 21. f3 exf3 22. exf3 Nd7 23. b5 Rf6 24. Qa2 Qf7 25. Rad1 Bxc5+ 26. Bxc5 Nxc5 27. Rxe5 Nd7 28. f4 Nxe5 29. bxc6 Nxc6 1-0

[Event "IECG CP.2000.P.00024"]
[Site "IECG email"]
[Date "2000.10.01"]
[Round "?"]
[White "Kudryavtsev, Yaroslav Viktorovic"]
[Black "Naumovic, Jovan"]
[Result "1-0"]
[WhiteElo "1939"]
[BlackElo "2165"]
[PlyCount "67"]
[EventDate "2000.10.01"]
[EventType "tourn (corr)"]
[EventRounds "6"]
[EventCountry "RUS"]
[SourceTitle "Corr 2008"]
[Source "ChessBase"]
[SourceDate "2008.06.24"]
[SourceVersion "1"]
[SourceVersionDate "2008.06.24"]
[SourceQuality "1"]

1. e4 d5 2. exd5 Nf6 3. d4 Nxd5 4. c4 Nb4 5. Qa4+ N8c6 6. a3 Na6 7. Nf3 e5 8. Nxe5 Qxd4 9. Nxc6 Qe4+ 10. Be3 Nc5 11. Qd1 Qxc6 12. Qc2 a5 13. Nc3 Bd6 14. f3 0-0 15. Kf2 f5 16. f4 Ne4+ 17. Nxe4 fxe4 18. g3 Bc5 19. Qe2 Be6 20. Bxc5 Qxc5+ 21. Qe3 Qe5 22. Rd1 Qxb2+ 23. Rd2 Qf6 24. Qxe4 Rad8 25. Rxd8 Rxd8 26. Be2 Bf5 27. Qe3 Bg6 28. Rd1 Re8 29. Qb3 Be4 30. Bf3 Bxf3 31. Qxf3 c6 32. Qd3 Qe7 33. Rb1 b6 34. Kf3 1-0

[Event "IECG TE.2000.P.00409 email"]
[Site "IECG email"]
[Date "2000.07.15"]
[Round "?"]
[White "Naumovic, Jovan"]
[Black "Larsson, Jan Eric"]
[Result "1-0"]
[WhiteElo "2166"]
[BlackElo "1596"]
[PlyCount "45"]
[EventDate "2000.07.15"]
[EventType "tourn (corr)"]
[EventRounds "8"]
[SourceTitle "Corr 2008"]
[Source "ChessBase"]
[SourceDate "2008.06.24"]
[SourceVersion "1"]
[SourceVersionDate "2008.06.24"]
[SourceQuality "1"]

1. e4 e5 2. Nf3 Nc6 3. Bc4 Nf6 4. Ng5 Bc5 5. Bxf7+ Ke7 6. Bd5 d6 7. c3 Rf8 8. d4 exd4 9. Bxc6 bxc6 10. cxd4 Bb4+ 11. Bd2 Bxd2+ 12. Nxd2 h6 13. Ngf3 Ba6 14. Qc2 Qd7 15. Rc1 Bb7 16. Nh4 Kd8 17. Ng6 Rf7 18. 0-0 Ng4 19. h3 Nf6 20. Rfe1 Qe6 21. e5 Nd5 22. exd6 Qxd6 23. Nc4 1-0

[Event "IECG CP.1999.P.00051"]
[Site "IECG email"]
[Date "1999.10.01"]
[Round "?"]
[White "Burke, Michael"]
[Black "Naumovic, Jovan"]
[Result "0-1"]
[WhiteElo "1035"]
[BlackElo "2223"]
[PlyCount "56"]
[EventDate "1999.10.01"]
[EventType "tourn (corr)"]
[EventRounds "6"]
[EventCountry "GER"]
[SourceTitle "Corr 2008"]
[Source "ChessBase"]
[SourceDate "2008.06.24"]
[SourceVersion "1"]
[SourceVersionDate "2008.06.24"]
[SourceQuality "1"]

1. d4 c6 2. Bg5 Nf6 3. Bxf6 exf6 4. e4 d5 5. Bd3 Qb6 6. Qc1 dxe4 7. Bxe4 Qxd4 8. Nc3 Bb4 9. f3 Bxc3+ 10. bxc3 Qxc3+ 11. Kf1 0-0 12. Ne2 Qc5 13. c3 Re8 14. Qc2 g6 15. Nd4 Nd7 16. Kf2 Nb6 17. a4 f5 18. Bd3 Nd5 19. Rhc1 Nb4 20. cxb4 Qxd4+ 21. Kf1 Qxb4 22. Qc4 Qxc4 23. Bxc4 Be6 24. Bxe6 Rxe6 25. Re1 Rxe1+ 26. Rxe1 Kf8 27. Re5 Re8 28. Rxe8+ Kxe8 0-1

[Event "EXCLAM op4 corr"]
[Site "Email"]
[Date "1999.??.??"]
[Round "?"]
[White "Naumovic, Jovan"]
[Black "Malmstroem, Jan"]
[Result "1-0"]
[WhiteElo "2300"]
[BlackElo "2220"]
[PlyCount "45"]
[EventDate "1999.??.??"]
[EventType "swiss (corr)"]
[EventRounds "5"]
[SourceTitle "Corr 2002"]
[Source "ChessBase"]
[SourceDate "2002.05.23"]
[SourceVersion "1"]
[SourceVersionDate "2002.05.23"]
[SourceQuality "1"]

1. e4 e5 2. Nf3 Nc6 3. Bc4 Bc5 4. b4 Bxb4 5. c3 Ba5 6. d4 exd4 7. 0-0 dxc3 8. Qb3 Qf6 9. e5 Qg6 10. Nxc3 Nge7 11. Ba3 0-0 12. Rad1 Re8 13. Bd3 Qh5 14. Ne4 Nxe5 15. Nxe5 Qxe5 16. Bb2 Qe6 17. Qb5 Bb6 18. Qh5 h6 19. Rde1 Qd5 20. Qg4 Bd4 21. Nf6+ Bxf6 22. Bxf6 g6 23. Bxg6 1-0

[Event "IECG CP.1998.P.00048"]
[Site "IECG email"]
[Date "1998.10.01"]
[Round "?"]
[White "Buese, Ralf"]
[Black "Naumovic, Jovan"]
[Result "1-0"]
[WhiteElo "1864"]
[BlackElo "2233"]
[PlyCount "59"]
[EventDate "1998.10.01"]
[EventType "tourn (corr)"]
[EventRounds "6"]
[EventCountry "ARG"]
[SourceTitle "Corr 2008"]
[Source "ChessBase"]
[SourceDate "2008.06.24"]
[SourceVersion "1"]
[SourceVersionDate "2008.06.24"]
[SourceQuality "1"]

1. Nf3 d5 2. g3 e6 3. Bg2 c5 4. d3 Nc6 5. 0-0 Nf6 6. Nbd2 Bd6 7. e4 0-0 8. Re1 Bc7 9. c3 b6 10. e5 Nd7 11. d4 Bb7 12. Nf1 h6 13. Qe2 a5 14. a3 Ba6 15. Qe3 a4 16. h4 Na5 17. N3d2 Rc8 18. Nh2 Bb8 19. Nhf3 Qc7 20. g4 cxd4 21. cxd4 Qc2 22. g5 hxg5 23. Nxg5 Rc7 24. Qf3 Bd3 25. Bh3 Nc6 26. Qf4 Ne7 27. Nxe6 fxe6 28. Bxe6+ Kh8 29. Qg5 Nc6 30. Qh5+ 1-0

[Event "IECG CP.1998.P.00048"]
[Site "IECG email"]
[Date "1998.10.01"]
[Round "?"]
[White "Naumovic, Jovan"]
[Black "Feng, Jason"]
[Result "1-0"]
[WhiteElo "2233"]
[BlackElo "1712"]
[PlyCount "25"]
[EventDate "1998.10.01"]
[EventType "tourn (corr)"]
[EventRounds "6"]
[EventCountry "ARG"]
[SourceTitle "Corr 2008"]
[Source "ChessBase"]
[SourceDate "2008.06.24"]
[SourceVersion "1"]
[SourceVersionDate "2008.06.24"]
[SourceQuality "1"]

1. e4 e5 2. Nf3 Nc6 3. Bc4 Nf6 4. Ng5 Bc5 5. Bxf7+ Ke7 6. Bb3 Qe8 7. 0-0 d6 8. Nc3 h6 9. Nf3 Bg4 10. h3 Bxf3 11. Qxf3 Nd4 12. Qg3 Nxe4 13. Qxg7+ 1-0

[Event "IECC CL1-1998.05"]
[Site "IECC email"]
[Date "1998.04.25"]
[Round "?"]
[White "Ingersol, Harry"]
[Black "Naumovic, Jovan"]
[Result "1-0"]
[WhiteElo "2241"]
[BlackElo "2275"]
[PlyCount "63"]
[EventDate "1998.??.??"]
[EventType "tourn (corr)"]
[EventRounds "4"]
[SourceTitle "Corr 2008"]
[Source "ChessBase"]
[SourceDate "2008.06.24"]
[SourceVersion "1"]
[SourceVersionDate "2008.06.24"]
[SourceQuality "1"]

1. d4 Nf6 2. c4 g6 3. Nc3 Bg7 4. e4 d6 5. Nf3 0-0 6. Be2 e5 7. 0-0 Nc6 8. d5 Ne7 9. b4 Nh5 10. Re1 f5 11. Ng5 Nf4 12. Bxf4 exf4 13. Rc1 Kh8 14. Qd2 Be5 15. Nf3 Ng8 16. Nxe5 dxe5 17. Bf3 Re8 18. d6 Qxd6 19. Qxd6 cxd6 20. Nb5 Re7 21. Nxd6 Kg7 22. exf5 gxf5 23. Bd5 e4 24. f3 e3 25. g3 Nf6 26. gxf4 Nh5 27. Bxb7 Rxb7 28. Nxb7 Bxb7 29. Rxe3 Kf6 30. Rd1 Rg8+ 31. Kf2 Nxf4 32. Rd6+ 1-0

[Event "IECC CL1-1998.05"]
[Site "IECC email"]
[Date "1998.04.25"]
[Round "?"]
[White "Naumovic, Jovan"]
[Black "Carvalho, Guillermo"]
[Result "0-1"]
[WhiteElo "2262"]
[BlackElo "2288"]
[PlyCount "42"]
[EventDate "1998.??.??"]
[EventType "tourn (corr)"]
[EventRounds "4"]
[SourceTitle "Corr 2008"]
[Source "ChessBase"]
[SourceDate "2008.06.24"]
[SourceVersion "1"]
[SourceVersionDate "2008.06.24"]
[SourceQuality "1"]

1. e4 c5 2. c3 d5 3. exd5 Qxd5 4. d4 e6 5. Be3 cxd4 6. cxd4 Nf6 7. a3 Nc6 8. Nc3 Qd6 9. Nf3 Be7 10. Bc4 0-0 11. Rc1 Rd8 12. Qe2 a6 13. b4 b5 14. Bb3 Bb7 15. 0-0 Rac8 16. Rfd1 Nb8 17. Ng5 h6 18. Nxe6 fxe6 19. Bf4 Qxf4 20. Qxe6+ Kh8 21. Qxe7 Ng4 0-1

[Event "IECC CL1-1998.05"]
[Site "IECC email"]
[Date "1998.04.25"]
[Round "?"]
[White "Nilsson, Matthias"]
[Black "Naumovic, Jovan"]
[Result "1-0"]
[WhiteElo "2254"]
[BlackElo "2262"]
[PlyCount "55"]
[EventDate "1998.??.??"]
[EventType "tourn (corr)"]
[EventRounds "4"]
[SourceTitle "Corr 2008"]
[Source "ChessBase"]
[SourceDate "2008.06.24"]
[SourceVersion "1"]
[SourceVersionDate "2008.06.24"]
[SourceQuality "1"]

1. d4 Nf6 2. c4 g6 3. Nc3 Bg7 4. e4 d6 5. Nf3 0-0 6. Be2 e5 7. 0-0 Nc6 8. d5 Ne7 9. Ne1 Nd7 10. f3 f5 11. Be3 f4 12. Bf2 g5 13. Rc1 Rf6 14. b4 Rh6 15. Nd3 Qe8 16. Be1 Qh5 17. h3 Nf6 18. Nf2 a6 19. c5 Qf7 20. cxd6 cxd6 21. Na4 Rg6 22. Nb6 Rb8 23. b5 Nd7 24. Nxc8 Nxc8 25. Rc7 Ncb6 26. bxa6 bxa6 27. Bxa6 Qe8 28. Bb4 1-0

[Event "IECG CM.1998.0.00049"]
[Site "IECG email"]
[Date "1998.??.??"]
[Round "?"]
[White "Brueckner, Joachim"]
[Black "Naumovic, Jovan"]
[Result "1-0"]
[WhiteElo "2412"]
[BlackElo "2272"]
[PlyCount "54"]
[EventDate "1998.06.12"]
[EventType "tourn (corr)"]
[EventRounds "6"]
[SourceTitle "Corr 2008"]
[Source "ChessBase"]
[SourceDate "2008.06.24"]
[SourceVersion "1"]
[SourceVersionDate "2008.06.24"]
[SourceQuality "1"]

1. e4 e6 2. d4 d5 3. Nc3 Bb4 4. e5 c5 5. a3 Bxc3+ 6. bxc3 Ne7 7. Qg4 Qc7 8. Qxg7 Rg8 9. Qxh7 cxd4 10. Ne2 Nbc6 11. f4 Bd7 12. Qd3 dxc3 13. Qxc3 Nf5 14. Rb1 0-0-0 15. Rg1 d4 16. Qd3 Be8 17. g4 Nh4 18. Rg3 f6 19. exf6 e5 20. g5 Bf7 21. Rh3 Bg6 22. Qc4 Bf7 23. Qa4 Rh8 24. fxe5 Be6 25. Bf4 Qd7 26. Rd3 Ng6 27. Nxd4 Nxf4 1-0

[Event "EXCLAM M02 corr"]
[Site "corr"]
[Date "1998.??.??"]
[Round "?"]
[White "Hassim, Unes"]
[Black "Naumovic, Jovan"]
[Result "1-0"]
[WhiteElo "2334"]
[BlackElo "2275"]
[PlyCount "64"]
[EventDate "1998.??.??"]
[EventType "tourn (corr)"]
[EventRounds "9"]
[SourceTitle "Corr Nr. 1"]
[Source "ChessBase"]
[SourceDate "1997.09.01"]
[SourceVersion "2"]
[SourceVersionDate "2000.04.19"]
[SourceQuality "1"]

1. e4 e6 2. d4 d5 3. Nd2 Nf6 4. e5 Nfd7 5. Bd3 c5 6. c3 Nc6 7. Ne2 cxd4 8. cxd4 Qb6 9. Nf3 f6 10. exf6 Nxf6 11. 0-0 Bd6 12. Nc3 0-0 13. Be3 a6 14. Na4 Qc7 15. Rc1 b5 16. Nc5 Bxc5 17. Rxc5 Qd7 18. Ne5 Nxe5 19. dxe5 Ne8 20. Qc2 g6 21. Rc1 Bb7 22. f3 Qg7 23. f4 Rd8 24. a4 bxa4 25. Qxa4 Qd7 26. Qb3 Rc8 27. Qb6 Rxc5 28. Rxc5 Bc8 29. f5 Rxf5 30. Bxf5 exf5 31. Qc6 Qxc6 32. Rxc6 f4 1-0

[Event "IECG CM.1998.0.00043"]
[Site "IECG email"]
[Date "1998.??.??"]
[Round "?"]
[White "Naumovic, Jovan"]
[Black "Mori, Roberto"]
[Result "1-0"]
[WhiteElo "2272"]
[BlackElo "1920"]
[PlyCount "47"]
[EventDate "1998.04.05"]
[EventType "tourn (corr)"]
[EventRounds "6"]
[SourceTitle "Corr 2008"]
[Source "ChessBase"]
[SourceDate "2008.06.24"]
[SourceVersion "1"]
[SourceVersionDate "2008.06.24"]
[SourceQuality "1"]

1. e4 e5 2. Nf3 Nc6 3. Bc4 Nf6 4. Ng5 d5 5. exd5 Nxd5 6. d4 Nxd4 7. c3 f6 8. cxd4 fxg5 9. dxe5 Be6 10. 0-0 Bc5 11. Qb3 Rb8 12. Qb5+ c6 13. Qxc5 a6 14. Nc3 Nxc3 15. Bxe6 Ne2+ 16. Kh1 Rf8 17. Be3 Nf4 18. Rad1 Qe7 19. Qxe7+ Kxe7 20. Bg4 Ne6 21. Rd6 Nf4 22. Rd7+ Ke8 23. Rxg7 h5 24. Bd7+ 1-0

[Event "EXCLAM M02 corr"]
[Site "corr"]
[Date "1998.??.??"]
[Round "?"]
[White "Naumovic, Jovan"]
[Black "Verdier, Patrice"]
[Result "1/2-1/2"]
[WhiteElo "2275"]
[BlackElo "2400"]
[PlyCount "119"]
[EventDate "1998.??.??"]
[EventType "tourn (corr)"]
[EventRounds "9"]
[SourceTitle "Corr 2000"]
[Source "ChessBase"]
[SourceDate "2000.04.19"]
[SourceVersion "1"]
[SourceVersionDate "2000.04.19"]
[SourceQuality "1"]

1. e4 c5 2. c3 Nf6 3. e5 Nd5 4. g3 Qc7 5. Qe2 Nc6 6. Nf3 e6 7. Bg2 Be7 8. 0-0 0-0 9. Na3 a6 10. Nc2 f6 11. exf6 Bxf6 12. d4 b6 13. Bg5 Bb7 14. c4 Nde7 15. Bxf6 Rxf6 16. dxc5 bxc5 17. Ng5 Nd4 18. Nxd4 Bxg2 19. Kxg2 cxd4 20. Rad1 e5 21. f4 Nf5 22. Qe4 Qc6 23. Kg1 Qxe4 24. Nxe4 Rb6 25. Rf2 Ne3 26. Rd3 Rc8 27. fxe5 Ng4 28. Nd6 Rc5 29. Rf4 Nxe5 30. Rdxd4 Rxb2 31. Rf2 Rb4 32. Kg2 h6 33. h4 Kh7 34. Re2 a5 35. Kh3 Rb6 36. Rd1 a4 37. Rd5 Rxd5 38. cxd5 Nf3 39. Nc4 Rb4 40. Re4 a3 41. g4 Rb3 42. Re3 Rxe3 43. Nxe3 Ne5 44. Kg3 g5 45. hxg5 hxg5 46. Nc2 Nc4 47. Kf3 Ne5+ 48. Ke4 Nxg4 49. Nxa3 Nf6+ 50. Ke5 g4 51. Nc4 g3 52. Ne3 Kg6 53. Ng2 Ng4+ 54. Kd4 Kf5 55. a4 Nf6 56. Ne1 Ne8 57. Kc5 Ke5 58. a5 Nc7 59. d6 Na6+ 60. Kc4 1/2-1/2